Who led the most laps in every NASCAR season? - Statistics

General Stats
  • This quiz has been taken 5 times
  • The average score is 58 of 77
Answer Stats
Hint Answer % Correct
1973 (3,167) Cale Yarborough
100%
1974 (3,597) Cale Yarborough
100%
1976 (3,777) Cale Yarborough
100%
1977 (3,198) Cale Yarborough
100%
1978 (3,587) Cale Yarborough
100%
1980 (2,810) Cale Yarborough
100%
1986 (2,127) Dale Earnhardt
100%
1987 (3,357) Dale Earnhardt
100%
1988 (1,776) Dale Earnhardt
100%
1989 (2,735) Dale Earnhardt
100%
1990 (2,438) Dale Earnhardt
100%
2002 (1,068) Dale Earnhardt Jr.
100%
1995 (2,600) Jeff Gordon
100%
1996 (2,314) Jeff Gordon
100%
1999 (1,320) Jeff Gordon
100%
2001 (2,320) Jeff Gordon
100%
2003 (1,639) Jeff Gordon
100%
2007 (1,300) Jeff Gordon
100%
2004 (1,312) Jimmie Johnson
100%
2008 (1,959) Jimmie Johnson
100%
2009 (2,238) Jimmie Johnson
100%
2010 (1,315) Jimmie Johnson
100%
2012 (1,745) Jimmie Johnson
100%
2013 (1,985) Jimmie Johnson
100%
1961 (2,364) Junior Johnson
100%
1965 (3,998) Junior Johnson
100%
2014 (2,137) Kevin Harvick
100%
2015 (2,294) Kevin Harvick
100%
2018 (1,955) Kevin Harvick
100%
2020 (1,531) Kevin Harvick
100%
2011 (1,455) Kyle Busch
100%
2019 (1,582) Kyle Busch
100%
1993 (2,860) Rusty Wallace
100%
1994 (2,142) Rusty Wallace
100%
2000 (1,731) Rusty Wallace
100%
1985 (1,920) Bill Elliott
80%
1972 (4,353) Bobby Allison
80%
2022 (857) Chase Elliott
80%
1997 (2,076) Dale Jarrett
80%
1979 (2,130) Darrell Waltrip
80%
1981 (2,517) Darrell Waltrip
80%
1982 (3,026) Darrell Waltrip
80%
1983 (2,363) Darrell Waltrip
80%
1984 (2,030) Darrell Waltrip
80%
1992 (1,377) Davey Allison
80%
2021 (2,581) Kyle Larson
80%
2023 (1,127) Kyle Larson
80%
2024 (1,699) Kyle Larson
80%
1959 (1,137) Lee Petty
80%
1962 (1,435) Richard Petty
80%
1964 (3,534) Richard Petty
80%
1967 (5,537) Richard Petty
80%
1968 (4,242) Richard Petty
80%
1970 (5,016) Richard Petty
80%
1971 (4,967) Richard Petty
80%
1975 (3,159) Richard Petty
80%
2005 (1,845) Tony Stewart
80%
2006 (1,360) Tony Stewart
80%
1998 (1,730) Mark Martin
60%
2016 (1,809) Martin Truex Jr.
60%
2017 (2,253) Martin Truex Jr.
60%
2025 (1,330) William Byron
60%
1966 (3,174) David Pearson
40%
1957 (1,415) Fireball Roberts
40%
1958 (877) Fireball Roberts
40%
1951 (1,449) Fonty Flock
20%
1963 (2,419) Fred Lorenzen
20%
1991 (1,684) Harry Gant
20%
1952 (1,283) Tim Flock
20%
1955 (3,227) Tim Flock
20%
1949 (325) Bill Blair
0%
1969 (5,053) Bobby Isaac
0%
1950 (1,110) Curtis Turner
0%
1960 (766) Glen Wood
0%
1953 (1,872) Herb Thomas
0%
1954 (1,255) Herb Thomas
0%
1956 (1,854) Speedy Thompson
0%
No matching quizzes found
Score Distribution
Percent of People with Each Score
Percentile by Number Answered
Your Score History
You have not taken this quiz